| 000 | 00626nam a22001697a 4500 | ||
|---|---|---|---|
| 020 | _qHard Cover. | ||
| 082 | _a004 | ||
| 100 | _aAnuma Haroon ; Amna Qandeel; Hira Ayub ; Neha Anum | ||
| 245 |
_aPublic Sector / _cAnuma Haroon ; Amna Qandeel; Hira Ayub ; Neha Anum |
||
| 260 |
_aIslamabad : _bSEECS - NUST, _c2009. |
||
| 300 |
_a85 p. ; ill. ; _c30cm. |
||
| 650 |
_aInformation and Communication Systems Engineering-MS-Thesis _931461 |
||
| 700 |
_aMr. Mohammad Yousaf. _931462 |
||
| 856 | _u http://10.250.8.41:8080/xmlui/handle/123456789/29693 | ||
| 942 |
_2ddc _cTHE |
||
| 999 |
_c536351 _d536351 |
||